Firma musí smerovať k horizontu digitalizácie

Digitalizácia vedie k základným zmenám, týkajúcich sa celej firmy. Je to spolupráca s radom úplne nových digitálnych partnerov a uskutočňovanie rozhodnutí, týkajúcich sa napr. vlastníctva dát. Vytvárajú sa nové obchodné modely prostredníctvom prelínania digitálneho a fyzického sveta. Digitálna trans...

Descrizione completa

Salvato in:
Dettagli Bibliografici
Natura: Capitolo di libro
Lingua:slovacco
Soggetti:
Tags: Aggiungi Tag
Nessun Tag, puoi essere il primo ad aggiungerne!!

MARC

LEADER 00000naa a2200000 4500
001 0236333
005 20171006094947.6
041 0 |a slo 
044 |a SK 
245 1 0 |a Firma musí smerovať k horizontu digitalizácie 
520 |a Digitalizácia vedie k základným zmenám, týkajúcich sa celej firmy. Je to spolupráca s radom úplne nových digitálnych partnerov a uskutočňovanie rozhodnutí, týkajúcich sa napr. vlastníctva dát. Vytvárajú sa nové obchodné modely prostredníctvom prelínania digitálneho a fyzického sveta. Digitálna transformácia na Slovensku a v Česku. 
610 2 0 |a technológie informačné 
610 2 0 |a technológie komunikačné 
610 2 0 |a technológie nové 
610 2 0 |a digitalizácia 
610 2 0 |a transformácia 
610 2 0 |a firmy